| 000 | 01017nam a2200265Ia 4500 | ||
|---|---|---|---|
| 003 | OSt | ||
| 005 | 20221005112846.0 | ||
| 006 | a|||||r|||| 00| 0 | ||
| 007 | ta | ||
| 008 | 221004b |||||||| |||| 00| 0 pan d | ||
| 020 |
_a8187762438 (hbk) _c150 |
||
| 024 | _a96303 | ||
| 037 |
_b221, 01/01/2009, H.K. Prakashan _cTextual |
||
| 040 |
_aCRL _cCRL _bpan |
||
| 041 |
_2pan _apan |
||
| 082 | _aO153,3w, P6 | ||
| 100 |
_aਗੁਲਵੰਤ ਖ਼ਾਰਿਫ਼l ਊਮਾ, ਥਦ। _9624437 |
||
| 245 | 0 | _aਗੁਲਵੰਤ ਖ਼ਾਰਿਫ਼ ਦੀ ਕਲਮ ਤੋ੍ਵ ਚੌ੍ਵਦਾਂ ਤਬਕ਼ | |
| 260 |
_aਦਿੱਲੀ _bਐੱਚ ਕੇ ਪ੍ਰਕਾਨ ਭਾਰਤ _c2006 |
||
| 300 |
_a144ਪੰ _ccm. |
||
| 650 |
_a ਜ਼.ੳਨ.ਟਾਂ _9159043 |
||
| 650 | _aਪੰਜਾਬੀ ਸਾਹਿਤ | ||
| 942 |
_hO153,3w, P6 _cTEXL _2cc |
||
| 999 |
_c1026213 _d1026213 |
||